000
00263nam a22001097a 4500
008
170112b xxu||||| |||| 00| 0 eng d
020
_a
0781701058
041
_a
eng
080
_2
2ND
_a
618.2
245
_a
BASIC MEDICAL ENDROCRINOLOGY
_c
GOODMAN, H.M
942
_2
udc
_c
BK
999
_c
2835
_d
2835